UM Logo

Negotiations between preservice classroom teachers and students during a physical education early field experience / (Record no. 21211)

MARC details
000 -LEADER
fixed length control field 01044nam a22002177a 4500
005 - DATE AND TIME OF LATEST TRANSACTION
control field 20250827145038.0
008 - FIXED-LENGTH DATA ELEMENTS--GENERAL INFORMATION
fixed length control field 240903b ||||| |||| 00| 0 eng d
082 ## - DEWEY DECIMAL CLASSIFICATION NUMBER
Classification number DPer 796.07 J826 July-October 2019 January-April 2020 v. 38, 39 n. 3-4, 1-2
100 ## - MAIN ENTRY--PERSONAL NAME
Personal name McEntyre, Kelsey.
Relator term author.
9 (RLIN) 59891
245 ## - TITLE STATEMENT
Title Negotiations between preservice classroom teachers and students during a physical education early field experience /
Statement of responsibility, etc. Kelsey McEntyre, Matthew D. Curtner-Smith, and Deborah S. Baxter.
260 ## - PUBLICATION, DISTRIBUTION, ETC. (IMPRINT)
Place of publication, distribution, etc. Champaign, Illinois ;
Name of publisher, distributor, etc. Human Kinetics, Inc. ,
Date of publication, distribution, etc. January 2020.
300 ## - PHYSICAL DESCRIPTION
Extent Volume 39, pages 69-77 :
Dimensions 28 cm.
500 ## - GENERAL NOTE
General note Journal of Teaching in Physical Education, vol. 39, no. 1, pages 69-77, January 2020.
650 #0 - SUBJECT ADDED ENTRY--TOPICAL TERM
Topical term or geographic name as entry element Age differences.
9 (RLIN) 67055
650 #0 - SUBJECT ADDED ENTRY--TOPICAL TERM
Topical term or geographic name as entry element Pedagogical content knowledge.
9 (RLIN) 64866
650 #0 - SUBJECT ADDED ENTRY--TOPICAL TERM
Topical term or geographic name as entry element Teacher-student relationship.
9 (RLIN) 48652
700 ## - ADDED ENTRY--PERSONAL NAME
Personal name McEntyre, Kelsey.
Relator term author.
9 (RLIN) 59891
700 ## - ADDED ENTRY--PERSONAL NAME
Personal name Curtner-Smith, Matthew D.
Relator term author.
9 (RLIN) 59892
700 ## - ADDED ENTRY--PERSONAL NAME
Personal name Baxter, Deborah S.
Relator term author.
9 (RLIN) 59893
942 ## - ADDED ENTRY ELEMENTS (KOHA)
Source of classification or shelving scheme Dewey Decimal Classification
Koha item type Periodicals
Holdings
Withdrawn status Lost status Source of classification or shelving scheme Damaged status Not for loan Collection code Home library Current library Date acquired Total Checkouts Full call number Date last seen Price effective from Koha item type Public note
    Dewey Decimal Classification     Periodicals UM Digos College - LIC UM Digos College - LIC 09/03/2024   DPer 796.07 J826 July-October 2019 January-April 2020 v. 38, 39 n. 3-4, 1-2 09/03/2024 09/03/2024 Periodicals Periodical Article